Programming in C (Record no. 6220)
[ view plain ]
| 000 -LEADER | |
|---|---|
| fixed length control field | 00310nam a2200133Ia 4500 |
| 008 - FIXED-LENGTH DATA ELEMENTS--GENERAL INFORMATION | |
| fixed length control field | 191201s2011 xx 000 0 und d |
| 020 ## - INTERNATIONAL STANDARD BOOK NUMBER | |
| International Standard Book Number | 9789380298399 |
| 100 ## - MAIN ENTRY--PERSONAL NAME | |
| Personal name | DIXIT, JB |
| 245 #0 - TITLE STATEMENT | |
| Title | Programming in C |
| 260 ## - PUBLICATION, DISTRIBUTION, ETC. (IMPRINT) | |
| Place of publication, distribution, etc | N. delhi |
| Name of publisher, distributor, etc | Firewall Media |
| Date of publication, distribution, etc | 2011 |
| 300 ## - PHYSICAL DESCRIPTION | |
| Extent | 619 |
| 650 ## - SUBJECT ADDED ENTRY--TOPICAL TERM | |
| Topical term or geographic name as entry element | MCA |
| 942 ## - ADDED ENTRY ELEMENTS (KOHA) | |
| Source of classification or shelving scheme | Dewey Decimal Classification |
| Koha item type | Text Books |
| 942 ## - ADDED ENTRY ELEMENTS (KOHA) | |
| -- | 21 |
| Withdrawn status | Lost status | Source of classification or shelving scheme | Damaged status | Not for loan | Collection code | Home library | Current library | Date acquired | Source of acquisition | Cost, normal purchase price | Bill Number | Total Checkouts | Full call number | Acc. no. / Barcode | Date last seen | Date last borrowed | Actual Cost, discounted price | Bill Date | Koha item type | Checked out |
|---|---|---|---|---|---|---|---|---|---|---|---|---|---|---|---|---|---|---|---|---|
| Dewey Decimal Classification | MCA | PIET C-LIBRARY | PIET C-LIBRARY | 02/09/2015 | KIRTI PRAKASHAN, NEW DELHI | 395.00 | IN2169 | 5 | 005.133 DIP | 25320 | 18/12/2024 | 12/12/2024 | 292.30 | 04/02/2015 | Text Books | |||||
| Dewey Decimal Classification | MCA | PIET C-LIBRARY | PIET C-LIBRARY | 02/09/2015 | KIRTI PRAKASHAN, NEW DELHI | 395.00 | IN2169 | 4 | 005.133 DIP | 25321 | 03/02/2025 | 03/12/2024 | 292.30 | 04/02/2015 | Text Books | |||||
| Dewey Decimal Classification | BCA | PIET C-LIBRARY | PIET C-LIBRARY | 22/01/2015 | KIRTI PRAKASHAN, NEW DELHI | 395.00 | IN2126 | 12 | 005.133 DIP | BC1079 | 19/12/2024 | 12/12/2024 | 292.30 | 22/01/2015 | Text Books | |||||
| Dewey Decimal Classification | BCA | PIET C-LIBRARY | PIET C-LIBRARY | 02/04/2015 | KIRTI PRAKASHAN, NEW DELHI | 395.00 | IN-2171 | 3 | 005.133 DIP | BC1127 | 27/04/2022 | 20/04/2022 | 292.30 | 04/02/2015 | Text Books | |||||
| Dewey Decimal Classification | BCA | PIET C-LIBRARY | PIET C-LIBRARY | 02/04/2015 | KIRTI PRAKASHAN, NEW DELHI | 395.00 | IN-2171 | 9 | 005.133 DIP | BC1128 | 10/01/2025 | 10/01/2025 | 292.30 | 04/02/2015 | Text Books | 24/01/2025 |